Visvesvar Prasad Koiralako atma brtanta (Record no. 17931)
[ view plain ]
| 000 -LEADER | |
|---|---|
| fixed length control field | 004260000a22001690004500 |
| 008 - FIXED-LENGTH DATA ELEMENTS--GENERAL INFORMATION | |
| fixed length control field | 191227b xxu||||| |||| 00| 0 eng d |
| 015 ## - NATIONAL BIBLIOGRAPHY NUMBER | |
| -- | NB |
| 041 ## - LANGUAGE CODE | |
| Language code of text/sound track or separate title | Nep |
| 082 ## - DEWEY DECIMAL CLASSIFICATION NUMBER | |
| Classification number | N923.2 |
| Item number | S882/b |
| 100 ## - MAIN ENTRY--PERSONAL NAME | |
| Personal name | Sharma, Ganeshraj, sank. |
| 245 ## - TITLE STATEMENT | |
| Title | Visvesvar Prasad Koiralako atma brtanta |
| 260 ## - PUBLICATION, DISTRIBUTION, ETC. | |
| Place of publication, distribution, etc. | Lalitpur |
| Name of publisher, distributor, etc. | Jagadamva Prakasan, Nepal |
| 260 ## - PUBLICATION, DISTRIBUTION, ETC. | |
| Date of publication, distribution, etc. | 2055 B.S. |
| 300 ## - PHYSICAL DESCRIPTION | |
| Extent | 334p. |
| 650 ## - SUBJECT ADDED ENTRY--TOPICAL TERM | |
| Topical term or geographic name entry element | Biography |
| 942 ## - ADDED ENTRY ELEMENTS (KOHA) | |
| Koha item type | General Collections |
| Source of classification or shelving scheme | Dewey Decimal Classification |
| Withdrawn status | Lost status | Source of classification or shelving scheme | Damaged status | Not for loan | Home library | Current library | Date acquired | Total Checkouts | Full call number | Barcode | Date last seen | Price effective from | Koha item type | Total Renewals | Date last checked out | Shelving location |
|---|---|---|---|---|---|---|---|---|---|---|---|---|---|---|---|---|
| Dewey Decimal Classification | Tribhuvan University Central Library | Tribhuvan University Central Library | 06/20/2010 | N923.2 /S882/b | 117619 | 06/20/2010 | 06/20/2010 | General Collections | ||||||||
| Dewey Decimal Classification | Tribhuvan University Central Library | Tribhuvan University Central Library | 06/20/2010 | N923.2/ S882/b | 117620 | 06/20/2010 | 06/20/2010 | General Collections | ||||||||
| Dewey Decimal Classification | Tribhuvan University Central Library | Tribhuvan University Central Library | 06/20/2010 | 13 | N923.2/ S882/b | 117617 | 08/06/2025 | 06/20/2010 | General Collections | 3 | 06/18/2025 | |||||
| Dewey Decimal Classification | Tribhuvan University Central Library | Tribhuvan University Central Library | 06/20/2010 | N923.2 /S882/b | 117618 | 06/20/2010 | 06/20/2010 | General Collections | ||||||||
| Dewey Decimal Classification | Tribhuvan University Central Library | Tribhuvan University Central Library | 01/06/2020 | N923.2 S882/b | 156604 | 01/06/2020 | 01/06/2020 | Closed Section | ||||||||
| Dewey Decimal Classification | Tribhuvan University Central Library | Tribhuvan University Central Library | 01/06/2020 | 7 | N923.2 S882/b | 156605 | 06/15/2025 | 01/06/2020 | General Collections | 4 | 05/23/2025 | New Building |
